| 000 | 01075cam a2200301 a 4500 | ||
|---|---|---|---|
| 001 | 18196968 | ||
| 005 | 20161113151525.0 | ||
| 008 | 140623t2015 maua frb 001 0 eng | ||
| 020 | _a9781138775053 | ||
| 040 |
_aDLC _beng _cDLC _dEG-ScBUE _dEG-ScBUE |
||
| 082 | 0 | 4 |
_a070.4 _bCON _222 |
| 245 | 0 | 0 |
_aConvergent journalism : _ban introduction writing and producing across media / _cedited by Vincent F. Filak. |
| 250 | _a2nd ed. | ||
| 260 |
_aBurlington ; _aAbingdon : _bFocal Press / Taylor & Francis Group, _cc.2015. |
||
| 300 |
_axv, 246 p. : _bill. ; _c25 cm. |
||
| 500 | _aIndex : p. 239-246. | ||
| 504 | _aBibliography : p. 233-237. | ||
| 504 | _aIncludes bibliographical references. | ||
| 650 | 7 |
_aOnline journalism. _2BUEsh _937766 |
|
| 650 | 7 |
_aBroadcast journalism. _2BUEsh _937808 |
|
| 650 | 7 |
_aMass media _xOwnership. _2BUEsh _927208 |
|
| 650 | 7 |
_aConvergence (Telecommunication) _2BUEsh _937809 |
|
| 651 | _2BUEsh | ||
| 653 |
_bCOMAME _cMay2015 _cMarch2016 |
||
| 655 |
_vText book _933728 |
||
| 700 | 1 |
_aFilak, Vincent F. _eeditor. _937810 |
|
| 942 |
_2ddc _k070.4 CON |
||
| 999 |
_c19254 _d19226 |
||